000 01155nam a2200301 a 4500
001 000116070
003 CHAP
005 20220329144559.0
008 190904s2019 mx | |sm |||||||spa d
010 _a112531
011 _a113503
040 _cCHAP
090 _aTesis
100 1 _aLópez Domínguez, Benito.
_9136799
245 1 0 _aCausas del abandono escolar y su impacto en la eficiencia terminal en la Universidad Politécnica del Valle de Toluca
_h[En línea]
_cpor Benito López Domínguez.
260 _aChapingo, Méx. :
_bEl autor,
_c2019.
500 _aPara ver el contenido del material haga clic en la liga
502 _aTesis (Ph. D. en Educación Agrícola Superior) -- UACH. Departamento de Sociología Rural
590 _aBATCH-UPD
_b05
_c20190904
_lUCH01
_h1047
590 _aE6337LMJ
_b05
_c20190904
_lUCH01
_h1047
590 _aE6337LMJ
_b05
_c20190904
_lUCH01
_h1047
650 1 4 _aEducación superior
_xDeserción escolar.
_9136800
650 1 4 _aEducación superior
_xRendimiento escolar.
_9136801
856 _aFinding aid
_uhttp://10.13.5.2/tesis/sist116070.pdf
_zTeclea aquí
901 _aBK
942 _cTESIS
942 _n0
999 _c112531
_d112531